[Event "Montreal-Tch"]
[Site "Montreal CAN"]
[Date "1968.02.18"]
[Round "5"]
[White "Brodie, Hugh"]
[Black "Langlois, Arthur"]
[Result "1/2-1/2"]
[WhiteElo "1734"]
[BlackElo "1700"]
[PlyCount "105"]
[EventDate "1968.01.14"]
[EventType "team"]
[EventRounds "5"]
[EventCountry "CAN"]

1. Nf3 d5 2. c4 d4 3. b4 f6 4. Bb2 e5 5. c5 b6 6. cxb6 axb6 7. b5 c5 8. bxc6
Nxc6 9. e3 d3 10. a3 e4 11. Nd4 Nxd4 12. Bxd4 Bc5 13. Bxc5 bxc5 14. Qh5+ g6 15.
Qxc5 Bd7 16. Nc3 Rc8 17. Qd4 Bc6 18. Qxd8+ Kxd8 19. g3 Rb8 20. Rb1 Rxb1+ 21.
Nxb1 Ne7 22. Bh3 f5 23. O-O Kc7 24. Bg2 Ra8 25. f3 exf3 26. Bxf3 Bxf3 27. Rxf3
Nd5 28. Rf1 Kd6 29. Rc1 Ke5 30. Rc4 Rb8 31. Nc3 Rb3 32. Nxd5 Kxd5 33. Rd4+ Kc5
34. a4 g5 35. Kg2 f4 36. Kf3 fxe3 37. Kxe3 Ra3 38. Rxd3 Rxa4 39. Rd7 h6 40. Rh7
Ra6 41. h4 Re6+ 42. Kf3 gxh4 43. gxh4 Rd6 44. Kg4 Rxd2 45. Rxh6 Kd5 46. Kf5
Rf2+ 47. Kg6 Ke6 48. Kg7+ Ke7 49. h5 Rf7+ 50. Kg6 Rf6+ 51. Kg5 Rxh6 52. Kxh6
Kf6 53. Kh7 1/2-1/2

[Event "Montreal op"]
[Site "Montreal CAN"]
[Date "1967.11.18"]
[Round "1"]
[White "Brodie, Hugh"]
[Black "Rado, Thomas"]
[Result "1/2-1/2"]
[WhiteElo "1700"]
[BlackElo "1500"]
[PlyCount "53"]
[EventDate "1967.11.18"]
[EventType "swiss"]
[EventRounds "8"]
[EventCountry "CAN"]

1. d4 d5 2. c4 dxc4 3. Nf3 Nc6 4. e3 b5 5. a4 bxa4 6. Bxc4 Bd7 7. Ng5 e6 8. Nf3
Na5 9. Bd3 Nb3 10. Ra2 Bc6 11. Nc3 Bb4 12. Be2 Nf6 13. O-O Bxc3 14. bxc3 O-O
15. Ba3 Re8 16. Bc4 Bd5 17. Bb5 Nd7 18. c4 c6 19. Bxa4 Bxc4 20. Bxb3 Bxf1 21.
Qxf1 Rb8 22. Bc2 Qa5 23. Qd3 Nf6 24. Bb3 Qb6 25. Bc2 Qa5 26. Bb3 Qb6 27. Bc2
1/2-1/2

[Event "Montreal op"]
[Site "Montreal CAN"]
[Date "1967.11.18"]
[Round "2"]
[White "Streit, Howard"]
[Black "Brodie, Hugh"]
[Result "1-0"]
[WhiteElo "1700"]
[BlackElo "1700"]
[PlyCount "47"]
[EventDate "1967.11.18"]
[EventType "swiss"]
[EventRounds "8"]
[EventCountry "CAN"]

1. e4 c5 2. f4 d6 3. Nf3 a6 4. d4 cxd4 5. Nxd4 g6 6. Nc3 Bg7 7. Be3 Nf6 8. Be2
O-O 9. h4 h5 10. Qd2 b5 11. Bf3 Bb7 12. e5 Bxf3 13. exf6 Bxg2 14. fxg7 Bxh1 15.
gxf8=Q+ Kxf8 16. O-O-O Bb7 17. f5 Nc6 18. Nxc6 Bxc6 19. fxg6 fxg6 20. Bh6+ Ke8
21. Qg5 Qb6 22. Qxg6+ Kd7 23. Qf5+ Kc7 24. Qxh5 1-0

[Event "Montreal op"]
[Site "Montreal CAN"]
[Date "1967.11.19"]
[Round "3"]
[White "Van Zweeden, Bob"]
[Black "Brodie, Hugh"]
[Result "0-1"]
[WhiteElo "1700"]
[BlackElo "1700"]
[PlyCount "60"]
[EventDate "1967.11.18"]
[EventType "swiss"]
[EventRounds "8"]
[EventCountry "CAN"]

1. e4 e5 2. Nf3 Nc6 3. Bc4 Bc5 4. b4 Bxb4 5. c3 Ba5 6. d4 exd4 7. Nxd4 Nge7 8.
Nxc6 Nxc6 9. Ba3 d6 10. O-O O-O 11. f4 Qe7 12. e5 Bb6+ 13. Kh1 Bc5 14. Bxc5
dxc5 15. Nd2 Be6 16. Bd3 Rad8 17. Qc2 h6 18. Nf3 Bc8 19. Rae1 Be6 20. f5 Bxa2
21. f6 Qe6 22. Bh7+ Kh8 23. fxg7+ Kxg7 24. Ng5 hxg5 25. Rf6 Bb3 26. Qc1 Qg4 27.
Qb1 Bd5 28. Rg6+ fxg6 29. Qxg6+ Kh8 30. Qc2 Bxg2+ 0-1

[Event "Montreal op"]
[Site "Montreal CAN"]
[Date "1967.11.19"]
[Round "4"]
[White "Williams, Leo"]
[Black "Brodie, Hugh"]
[Result "1-0"]
[WhiteElo "1800"]
[BlackElo "1700"]
[PlyCount "49"]
[EventDate "1967.11.18"]
[EventType "swiss"]
[EventRounds "8"]
[EventCountry "CAN"]

1. c4 c5 2. Nc3 g6 3. g3 Bg7 4. Bg2 Nf6 5. e4 d6 6. Nge2 O-O 7. O-O Nbd7 8. f4
Nb6 9. d3 a6 10. h3 h5 11. f5 Nfd7 12. a4 Ne5 13. fxg6 fxg6 14. Nf4 Qc7 15. a5
Nbd7 16. Ne6 Rxf1+ 17. Qxf1 Qb8 18. Nd5 Nc6 19. Nxg7 Kxg7 20. Bg5 b6 21. axb6
Nxb6 22. Nxe7 Nxe7 23. Qf6+ Kg8 24. Qxe7 Bd7 25. Bh6 1-0

[Event "Montreal op"]
[Site "Montreal CAN"]
[Date "1967.12.02"]
[Round "6"]
[White "Brodie, Hugh"]
[Black "Bellomo, G."]
[Result "1-0"]
[WhiteElo "1700"]
[BlackElo "1400"]
[PlyCount "59"]
[EventDate "1967.11.18"]
[EventType "swiss"]
[EventRounds "8"]
[EventCountry "CAN"]

1. d4 d5 2. c4 e6 3. Nc3 Bb4 4. Qc2 Nc6 5. e3 Nf6 6. a3 Bxc3+ 7. Qxc3 Ne4 8.
Qc2 Qf6 9. Bd3 e5 10. cxd5 Na5 11. Bxe4 exd4 12. Qa4+ Bd7 13. Qxa5 dxe3 14.
Bxe3 Qxb2 15. Rd1 b6 16. Qb4 Qxb4+ 17. axb4 Ba4 18. Ra1 b5 19. d6 Rc8 20. Bf5
Rd8 21. dxc7 g6 22. cxd8=Q+ Kxd8 23. Bh3 Re8 24. Ne2 Re4 25. Rc1 f5 26. O-O
Rxb4 27. Bxa7 Rb2 28. Rfe1 b4 29. Nd4 Bd7 30. Bb6# 1-0

[Event "Montreal op"]
[Site "Montreal CAN"]
[Date "1967.12.03"]
[Round "7"]
[White "King, T."]
[Black "Brodie, Hugh"]
[Result "1/2-1/2"]
[WhiteElo "1600"]
[BlackElo "1700"]
[PlyCount "111"]
[EventDate "1967.11.18"]
[EventType "swiss"]
[EventRounds "8"]
[EventCountry "CAN"]

1. f4 d5 2. Nf3 c5 3. e3 g6 4. Nc3 e6 5. b3 Bg7 6. Bb2 Ne7 7. d4 cxd4 8. Nxd4
a6 9. Bd3 Nbc6 10. Nxc6 Nxc6 11. O-O b5 12. Qf3 Bb7 13. Nd1 Bxb2 14. Nxb2 Rc8
15. c4 bxc4 16. bxc4 dxc4 17. Bxc4 Na5 18. Qe2 Nxc4 19. Nxc4 O-O 20. Rad1 Qc7
21. Ne5 Rfd8 22. Qg4 Qc2 23. Rb1 Be4 24. a3 Rd2 25. Nf3 Re2 26. Rfe1 Rxe1+ 27.
Rxe1 Qc3 28. Rd1 Qxe3+ 29. Kh1 Qxa3 30. Ng5 Bd5 31. Rxd5 f5 32. Qe2 Rc1+ 33.
Rd1 Rxd1+ 34. Qxd1 Qe7 35. Qe2 Qd6 36. Qxe6+ Qxe6 37. Nxe6 a5 38. Nc5 Kf7 39.
Kg1 Kf6 40. Kf2 g5 41. g3 gxf4 42. gxf4 Kg6 43. Ke2 Kh5 44. Kd2 Kg4 45. Nd3 Kh3
46. Nc5 h5 47. Ne6 Kxh2 48. Ng7 h4 49. Nxf5 h3 50. Ne3 Kg1 51. Ng4 Kg2 52. f5
Kg3 53. f6 Kxg4 54. f7 h2 55. f8=Q h1=Q 56. Qg7+ 1/2-1/2

[Event "Montreal op"]
[Site "Montreal CAN"]
[Date "1967.12.03"]
[Round "8"]
[White "Brodie, Hugh"]
[Black "Sudds, Brian"]
[Result "1-0"]
[WhiteElo "1700"]
[BlackElo "1700"]
[PlyCount "59"]
[EventDate "1967.11.18"]
[EventType "swiss"]
[EventRounds "8"]
[EventCountry "CAN"]

1. Nf3 Nf6 2. c4 g6 3. b3 Bg7 4. Bb2 O-O 5. g3 c5 6. d4 Ne8 7. Bg2 d6 8. O-O
Nc6 9. e3 e6 10. Qd2 Qf6 11. Na3 Qe7 12. dxc5 Bxb2 13. Qxb2 dxc5 14. e4 e5 15.
Nc2 b6 16. Ne3 Nf6 17. Nd5 Nxd5 18. exd5 Nd4 19. Nxd4 exd4 20. d6 Qxd6 21. Bxa8
Rd8 22. Bg2 d3 23. Qd2 Bg4 24. f3 Qd4+ 25. Kh1 Bf5 26. g4 Be6 27. Rad1 Qe5 28.
Rfe1 Qd4 29. Re4 Qf6 30. Re3 1-0

[Event "Quebec op"]
[Site "Montreal CAN"]
[Date "1967.10.07"]
[Round "2"]
[White "Brodie, Hugh"]
[Black "Williams, F."]
[Result "0-1"]
[WhiteElo "1700"]
[BlackElo "1700"]
[PlyCount "42"]
[EventDate "1967.10.07"]
[EventType "swiss"]
[EventRounds "6"]
[EventCountry "CAN"]

1. d4 d5 2. c4 e6 3. Nf3 Nc6 4. Nc3 Bb4 5. Qc2 Qd6 6. e3 e5 7. a3 Bxc3+ 8. Qxc3
e4 9. Nd2 Nf6 10. cxd5 Qxd5 11. Bc4 Qf5 12. O-O O-O 13. b4 Qg5 14. Re1 Bh3 15.
g3 b6 16. Bxf7+ Rxf7 17. Qxc6 Raf8 18. Qc4 Ng4 19. Nxe4 Qf5 20. d5 Nxf2 21. d6
Qf3 0-1

[Event "Quebec op"]
[Site "Montreal CAN"]
[Date "1967.10.08"]
[Round "3"]
[White "Johnston, Chris"]
[Black "Brodie, Hugh"]
[Result "1/2-1/2"]
[WhiteElo "1700"]
[BlackElo "1700"]
[PlyCount "97"]
[EventDate "1967.10.07"]
[EventType "swiss"]
[EventRounds "6"]
[EventCountry "CAN"]

1. e4 c5 2. f4 Nc6 3. Nf3 d6 4. Bc4 e6 5. Nc3 Nge7 6. d3 g6 7. Be3 Bg7 8. Qd2
a6 9. a4 Bd7 10. O-O O-O 11. Ne2 Na5 12. c3 Nxc4 13. dxc4 Bc6 14. Ng3 Qc7 15.
Ng5 Rad8 16. Ra2 b6 17. b4 Qb7 18. b5 Be8 19. f5 exf5 20. exf5 Nxf5 21. Nxf5
gxf5 22. Rxf5 Bd7 23. Rd5 h6 24. Ne4 Be6 25. Bxh6 Bxd5 26. Bxg7 f5 27. Bxf8
Kxf8 28. Qh6+ Qg7 29. Qxg7+ Kxg7 30. cxd5 fxe4 31. c4 a5 32. Rf2 Re8 33. h4 e3
34. Re2 Re4 35. g3 Rxc4 36. Rxe3 Rxa4 37. Kg2 Kg6 38. Re6+ Kh5 39. Rxd6 Rd4 40.
Rxb6 Rxd5 41. Ra6 c4 42. Kh3 Rd3 43. Rxa5 Rb3 44. Ra6 Rd3 45. Rc6 c3 46. b6 c2
47. Rxc2 Rb3 48. Rc6 Rxg3+ 49. Kxg3 1/2-1/2

[Event "Quebec op"]
[Site "Montreal CAN"]
[Date "1967.10.08"]
[Round "4"]
[White "Brodie, Hugh"]
[Black "Delisle, Gilbert"]
[Result "0-1"]
[WhiteElo "1700"]
[BlackElo "1700"]
[PlyCount "52"]
[EventDate "1967.10.07"]
[EventType "swiss"]
[EventRounds "6"]
[EventCountry "CAN"]

1. d4 Nf6 2. c4 e6 3. Nc3 Bb4 4. Qc2 c5 5. a3 Bxc3+ 6. bxc3 Nc6 7. Nf3 O-O 8.
e3 d6 9. Bd3 h6 10. O-O b6 11. Re1 Qc7 12. e4 e5 13. d5 Ne7 14. h3 Ng6 15. Qe2
Qe7 16. Nh2 Bd7 17. Bd2 Nh7 18. Nf3 f5 19. Nh2 f4 20. Rf1 Ng5 21. Ng4 f3 22.
gxf3 Nxh3+ 23. Kh1 Ngf4 24. Bxf4 Nxf4 25. Qd2 Bxg4 26. fxg4 Qh4+ 0-1

[Event "Quebec op"]
[Site "Montreal CAN"]
[Date "1967.10.09"]
[Round "5"]
[White "Brodie, Hugh"]
[Black "Sudds, Brian"]
[Result "0-1"]
[WhiteElo "1700"]
[BlackElo "1700"]
[PlyCount "138"]
[EventDate "1967.10.07"]
[EventType "swiss"]
[EventRounds "6"]
[EventCountry "CAN"]

1. d4 Nf6 2. Nf3 g6 3. c4 Bg7 4. Nc3 O-O 5. e4 d6 6. Bd3 Nbd7 7. O-O e5 8. d5
Nc5 9. Bc2 Ne8 10. Bg5 f6 11. Bh4 g5 12. Bg3 f5 13. exf5 Bxf5 14. Bxf5 Rxf5 15.
Qc2 Qf6 16. Ne4 Nxe4 17. Qxe4 h5 18. h3 h4 19. Nxh4 gxh4 20. Bxh4 Qg6 21. g4
Qh6 22. Qxf5 Qxh4 23. Kg2 Nf6 24. f4 Rf8 25. Qe6+ Kh8 26. fxe5 dxe5 27. Qxe5
Re8 28. Qg3 Re2+ 29. Rf2 Qxg3+ 30. Kxg3 Ne4+ 31. Kf3 Rxf2+ 32. Kxe4 Rxb2 33.
Rf1 Rb4 34. Kf5 Rxc4 35. Re1 Rc5 36. Kg6 Bf8 37. Kf7 Bd6 38. g5 Rxd5 39. Re8+
Kh7 40. Re4 Rf5+ 41. Ke6 Rxg5 42. Rh4+ Kg6 43. Re4 b6 44. Re3 Re5+ 45. Rxe5
Bxe5 46. Kxe5 c5 47. Kd5 Kh5 48. Kc4 Kh4 49. Kd5 Kxh3 50. Kc4 Kg4 51. Kc3 Kf5
52. Kd3 Ke5 53. Kc3 a5 54. Kd3 b5 55. Kc3 a4 56. Kd3 b4 57. Kc2 Kd4 58. Kb2 c4
59. Kc2 b3+ 60. axb3 axb3+ 61. Kb1 Kc3 62. Kc1 Kd3 63. Kb2 Kd2 64. Ka1 c3 65.
Kb1 c2+ 66. Kb2 c1=Q+ 67. Kxb3 Qc3+ 68. Ka2 Qb4 69. Ka1 Kc2 0-1

[Event "Quebec op"]
[Site "Montreal CAN"]
[Date "1967.10.09"]
[Round "6"]
[White "Kaminski, Serge"]
[Black "Brodie, Hugh"]
[Result "0-1"]
[WhiteElo "1500"]
[BlackElo "1700"]
[PlyCount "64"]
[EventDate "1967.10.07"]
[EventType "swiss"]
[EventRounds "6"]
[EventCountry "CAN"]

1. d4 Nf6 2. c4 e6 3. Nf3 d5 4. Nc3 Nbd7 5. Bg5 Be7 6. e3 O-O 7. Bd3 c6 8. O-O
dxc4 9. Bxc4 b5 10. Bd3 a6 11. Re1 Bb7 12. a3 c5 13. dxc5 Nxc5 14. Bc2 Qxd1 15.
Raxd1 Bxf3 16. gxf3 Rad8 17. b4 Ncd7 18. h4 h6 19. Bxf6 Bxf6 20. e4 Bxc3 21.
Re3 Bf6 22. h5 Nb8 23. Kg2 Rxd1 24. Bxd1 Bg5 25. f4 Bxf4 26. Rf3 Be5 27. Rd3 f5
28. exf5 exf5 29. Bb3+ Kh8 30. Bc2 Nc6 31. Re3 Rf6 32. Kf3 Nd4+ 0-1

[Event "Montreal-ch reserves"]
[Site "Montreal CAN"]
[Date "1967.04.08"]
[Round "1"]
[White "Brodie, Hugh"]
[Black "Vaillancourt, J."]
[Result "1-0"]
[WhiteElo "1700"]
[BlackElo "1600"]
[PlyCount "137"]
[EventDate "1967.04.08"]
[EventType "tourn"]
[EventRounds "9"]
[EventCountry "CAN"]

1. d4 Nf6 2. Nf3 d5 3. c4 e6 4. Nc3 Bb4 5. Bd2 Nc6 6. e3 O-O 7. Bd3 a6 8. O-O
Qd6 9. cxd5 exd5 10. h3 h6 11. a3 Ba5 12. b4 Bb6 13. Re1 Re8 14. Qe2 Nxd4 15.
Nxd4 Bxd4 16. Qf3 Be5 17. Rac1 h5 18. Bf5 Be6 19. Bxe6 Qxe6 20. Red1 g5 21. Qe2
g4 22. h4 g3 23. f3 d4 24. Ne4 Nxe4 25. fxe4 Qf6 26. Qxh5 Rad8 27. Rf1 Qg6 28.
Qxg6+ fxg6 29. exd4 Bxd4+ 30. Kh1 Bb6 31. Bf4 Rxe4 32. Bxg3 Rg4 33. Kh2 c6 34.
Kh3 Re4 35. Rf6 Kg7 36. Rcf1 Rd3 37. Rf7+ Kh6 38. Rf8 Bd4 39. R1f3 Rd1 40. Rf1
Rxf1 41. Rxf1 Kh5 42. Rf7 g5 43. hxg5 Kxg5 44. Rxb7 Re3 45. Rf7 Re6 46. Bh4+
Kg6 47. Rf4 Be5 48. Rg4+ Kf5 49. Rg5+ Kf4 50. g3+ Kf3 51. Rf5+ Ke4 52. g4 Rd6
53. Bg3 Bxg3 54. Kxg3 Rd3+ 55. Kh4 Rxa3 56. Rf6 Kd5 57. g5 Re3 58. Kh5 Ke5 59.
Rf8 Ke6 60. Re8+ Kf7 61. Rxe3 a5 62. bxa5 c5 63. a6 c4 64. a7 Kg7 65. a8=Q c3
66. Qb7+ Kf8 67. Qe7+ Kg8 68. Qe8+ Kg7 69. Re7# 1-0

[Event "Montreal-ch reserves"]
[Site "Montreal CAN"]
[Date "1967.04.08"]
[Round "2"]
[White "Brodie, Hugh"]
[Black "Harsanyi, C."]
[Result "1/2-1/2"]
[WhiteElo "1700"]
[BlackElo "1600"]
[PlyCount "109"]
[EventDate "1967.04.08"]
[EventType "tourn"]
[EventRounds "9"]
[EventCountry "CAN"]

1. d4 d5 2. c4 Nf6 3. Nf3 Bg4 4. e3 e6 5. Nc3 c6 6. Be2 Bd6 7. cxd5 cxd5 8. h3
Bh5 9. O-O a6 10. Re1 O-O 11. Nd2 Bg6 12. Bf3 Nc6 13. a3 Rc8 14. b4 Nxb4 15.
axb4 Rxc3 16. Bb2 Rc6 17. Ba3 Qb6 18. g4 Bxb4 19. Bxb4 Qxb4 20. h4 Rfc8 21. h5
Bc2 22. Qe2 Qc3 23. g5 Ne4 24. Nxe4 Bxe4 25. Bxe4 dxe4 26. Kg2 Qc4 27. Qg4 Qd5
28. Rh1 Qf5 29. Rh4 Rc2 30. Qxf5 exf5 31. Rah1 b5 32. g6 fxg6 33. hxg6 h6 34.
Rh5 Rf8 35. Ra1 Rf6 36. Kf1 Rxg6 37. Rxf5 Rf6 38. Rxf6 gxf6 39. Rxa6 Kf7 40.
Rb6 Rb2 41. d5 b4 42. Rb7+ Ke8 43. d6 Rd2 44. Rxb4 Rxd6 45. Rxe4+ Kf7 46. Kg2
Rd5 47. f4 Rd8 48. Kf3 f5 49. Rc4 Re8 50. Rc3 Re6 51. Kg3 Kg6 52. Kh4 h5 53.
Rd3 Kh6 54. Rd5 Kg6 55. Rd3 1/2-1/2

[Event "Montreal-ch reserves"]
[Site "Montreal CAN"]
[Date "1967.04.09"]
[Round "3"]
[White "Brodie, Hugh"]
[Black "Deer, Dennis"]
[Result "0-1"]
[WhiteElo "1700"]
[BlackElo "1600"]
[PlyCount "96"]
[EventDate "1967.04.08"]
[EventType "tourn"]
[EventRounds "9"]
[EventCountry "CAN"]

1. d4 d5 2. c4 c6 3. Nf3 Nf6 4. Bg5 e6 5. Nc3 Nbd7 6. e3 Be7 7. Bd3 O-O 8. O-O
dxc4 9. Bxc4 b5 10. Bd3 Bb7 11. a3 a6 12. Rc1 Rc8 13. Re1 Re8 14. e4 Nh5 15.
Bxe7 Rxe7 16. Nh4 Nhf6 17. e5 Nd5 18. Nxd5 cxd5 19. Re3 Nf8 20. Rg3 Rxc1 21.
Qxc1 Rc7 22. Qh6 Ng6 23. Qg5 Qxg5 24. Rxg5 Rc1+ 25. Bf1 Nxh4 26. f3 Nf5 27. Kf2
Rc2+ 28. Ke1 Rxb2 29. f4 Nxd4 30. Rg3 Nf5 31. Rc3 g6 32. Rc7 Nh4 33. Rxb7 Nxg2+
34. Bxg2 Rxg2 35. Ra7 Rxh2 36. Rxa6 Rh3 37. Ra5 Rf3 38. Rxb5 Rxa3 39. Rb4 Rf3
40. Ke2 Rg3 41. Kf2 Rg4 42. Kf3 h5 43. Rb7 g5 44. fxg5 Rxg5 45. Kf4 Rf5+ 46.
Kg3 Rxe5 47. Kh4 d4 48. Rd7 Rd5 0-1

[Event "Montreal-ch reserves"]
[Site "Montreal CAN"]
[Date "1967.04.09"]
[Round "4"]
[White "Rittenhouse, Jonathan"]
[Black "Brodie, Hugh"]
[Result "1/2-1/2"]
[WhiteElo "1600"]
[BlackElo "1700"]
[PlyCount "109"]
[EventDate "1967.04.08"]
[EventType "tourn"]
[EventRounds "9"]
[EventCountry "CAN"]

1. e4 e5 2. Nf3 Nc6 3. Bb5 Nf6 4. Bxc6 dxc6 5. Nc3 Bd6 6. d3 Bg4 7. h3 Bh5 8.
O-O O-O 9. Bg5 h6 10. Bh4 Re8 11. Re1 Qe7 12. a3 Rad8 13. Rc1 g5 14. Bg3 Nd7
15. Bh2 f6 16. g4 Bg6 17. Qe2 Kg7 18. h4 Rh8 19. h5 Bf7 20. Nd2 Nc5 21. f3 Ne6
22. Nd1 Nf4 23. Bxf4 exf4 24. Nf2 Be5 25. c3 Rd7 26. d4 Bd6 27. c4 Qd8 28. c5
Be7 29. b4 Rxd4 30. Red1 Qd7 31. Nc4 Rxd1+ 32. Rxd1 Qe6 33. Rc1 b6 34. cxb6
cxb6 35. Nd2 Rc8 36. Qc4 Qd7 37. Qd3 Qxd3 38. Nxd3 Rd8 39. Rc3 Be8 40. Kf2 Kf7
41. Ke2 Ra8 42. e5 a5 43. Ne4 Ke6 44. bxa5 Rxa5 45. exf6 Bxf6 46. Nxf6 Kxf6 47.
Nb4 c5 48. Nd5+ Ke5 49. Nxb6 Bb5+ 50. Nc4+ Bxc4+ 51. Rxc4 Rxa3 52. Rxc5+ Kd4
53. Rc2 Re3+ 54. Kf2 Kd3 55. Ra2 1/2-1/2

[Event "Montreal-ch reserves"]
[Site "Montreal CAN"]
[Date "1967.04.16"]
[Round "5"]
[White "Williams, Leo"]
[Black "Brodie, Hugh"]
[Result "1-0"]
[WhiteElo "1800"]
[BlackElo "1700"]
[PlyCount "57"]
[EventDate "1967.04.08"]
[EventType "tourn"]
[EventRounds "9"]
[EventCountry "CAN"]

1. e4 e6 2. Nf3 Nc6 3. d4 d5 4. e5 Na5 5. Bd2 c5 6. dxc5 Nc6 7. b4 a6 8. c3
Nge7 9. Bd3 Qc7 10. Qe2 b6 11. cxb6 Qxb6 12. Na3 Bb7 13. c4 h6 14. c5 Qa7 15.
b5 axb5 16. Nxb5 Qb8 17. Nd6+ Kd7 18. Rb1 Ra7 19. O-O g5 20. Rb2 Bg7 21. Rfb1
Nd8 22. Bb5+ Nec6 23. Bxc6+ Kxc6 24. Qb5+ Kc7 25. Ba5+ Rxa5 26. Qxa5+ Kd7 27.
Rxb7+ Nxb7 28. Rxb7+ Qxb7 29. Nxb7 1-0

[Event "Montreal-ch reserves"]
[Site "Montreal CAN"]
[Date "1967.04.16"]
[Round "6"]
[White "Brodie, Hugh"]
[Black "Smith, D."]
[Result "0-1"]
[WhiteElo "1700"]
[BlackElo "1700"]
[PlyCount "68"]
[EventDate "1967.04.08"]
[EventType "tourn"]
[EventRounds "9"]
[EventCountry "CAN"]

1. d4 d5 2. c4 e6 3. Nc3 Nf6 4. Bg5 Be7 5. e3 O-O 6. Nf3 Ne4 7. Bxe7 Qxe7 8.
Rc1 Rd8 9. Bd3 Nxc3 10. bxc3 Nd7 11. cxd5 exd5 12. O-O Nf6 13. h3 Be6 14. Ng5
c5 15. Nxe6 fxe6 16. Qe2 c4 17. Bb1 Rac8 18. Rfe1 e5 19. Qd1 Rc7 20. Bf5 g6 21.
Bb1 Qe8 22. dxe5 Qxe5 23. e4 d4 24. cxd4 Rxd4 25. Qe2 b5 26. f3 Qc5 27. Kh1 Nh5
28. Qf2 c3 29. Red1 Rxd1+ 30. Rxd1 Qxf2 31. e5 Ng3+ 32. Kh2 Nf1+ 33. Kh1 c2 34.
Bxc2 Rxc2 0-1

[Event "Montreal-ch reserves"]
[Site "Montreal CAN"]
[Date "1967.04.22"]
[Round "9"]
[White "Streit, Howard"]
[Black "Brodie, Hugh"]
[Result "1-0"]
[WhiteElo "1700"]
[BlackElo "1700"]
[PlyCount "83"]
[EventDate "1967.04.08"]
[EventType "tourn"]
[EventRounds "9"]
[EventCountry "CAN"]

1. e4 c5 2. Nf3 Nc6 3. d4 cxd4 4. Nxd4 Nf6 5. Nc3 d6 6. Bg5 e5 7. Bxf6 Qxf6 8.
Ndb5 Qd8 9. Nd5 Be6 10. Nbc7+ Kd7 11. Nxa8 Qxa8 12. Bb5 Qc8 13. Qd2 Kd8 14.
Bxc6 Qxc6 15. Nc3 h6 16. O-O-O Be7 17. h4 g5 18. g3 Qa6 19. Kb1 gxh4 20. gxh4
b5 21. Nd5 Bf8 22. Qc3 Qb7 23. Rhe1 Rg8 24. Qa5+ Kc8 25. Qc3+ Kd8 26. Qd3 Qa6
27. Qc3 Qb7 28. Qd3 Qa6 29. Rg1 Rh8 30. Nb4 Qb6 31. Nd5 Qa6 32. a3 Qb7 33. Qf3
Kc8 34. Qe2 Kd8 35. Qf3 Kc8 36. Qd3 Kd8 37. Qe3 Qa6 38. f4 exf4 39. Qxf4 Kc8
40. Qe3 Qb7 41. Qc3+ Kd8 42. Qxh8 1-0

[Event "Montreal Interscholastic"]
[Site "Montreal CAN"]
[Date "1967.03.28"]
[Round "1"]
[White "Brodie, Hugh"]
[Black "Johnston, Murray"]
[Result "0-1"]
[WhiteElo "1700"]
[BlackElo "1800"]
[PlyCount "96"]
[EventDate "1967.03.28"]
[EventType "swiss"]
[EventRounds "6"]
[EventCountry "CAN"]

1. d4 Nf6 2. c4 g6 3. Nf3 Bg7 4. Nc3 O-O 5. e4 d6 6. Bd3 Nbd7 7. O-O e5 8. d5
c5 9. Re1 Ne8 10. b3 f5 11. exf5 gxf5 12. Qc2 e4 13. Bxe4 fxe4 14. Rxe4 Nef6
15. Rh4 Ne5 16. Bg5 Ng6 17. Bxf6 Qxf6 18. Re4 Qxc3 19. Qxc3 Bxc3 20. Rc1 Bg7
21. h4 Bf5 22. Ree1 Rae8 23. Rxe8 Rxe8 24. g3 Bg4 25. Nh2 Ne5 26. Kg2 h5 27.
Re1 Kf7 28. f4 Nd3 29. Rxe8 Kxe8 30. Nxg4 hxg4 31. Kf1 Bb2 32. Ke2 Nb4 33. a4
Kf7 34. Ke3 Kg6 35. Ke4 Bd4 36. f5+ Kh5 37. Kf4 Nd3+ 38. Ke4 Nc1 39. b4 b6 40.
a5 Be5 41. bxc5 bxc5 42. a6 Bxg3 43. f6 Bxh4 44. f7 Be7 45. Kf4 Nd3+ 46. Kg3
Ne5 47. f8=Q Bxf8 48. Kf4 Nxc4 0-1

[Event "Montreal Interscholastic"]
[Site "Montreal CAN"]
[Date "1967.03.28"]
[Round "2"]
[White "Kleinplatz, Sam"]
[Black "Brodie, Hugh"]
[Result "1-0"]
[WhiteElo "1735"]
[BlackElo "1700"]
[PlyCount "43"]
[EventDate "1967.03.28"]
[EventType "swiss"]
[EventRounds "6"]
[EventCountry "CAN"]

1. e4 e5 2. f4 Nc6 3. Nf3 Nf6 4. Nc3 d6 5. Bc4 Bg4 6. Bb5 a6 7. Bxc6+ bxc6 8.
h3 Bxf3 9. Qxf3 d5 10. fxe5 dxe4 11. Nxe4 Nxe4 12. Qxe4 Qd7 13. d4 Rd8 14. Be3
Qe6 15. O-O f6 16. Rae1 fxe5 17. dxe5 Qd5 18. Qg4 Qxa2 19. b3 Qxc2 20. Rxf8+
Kxf8 21. Rf1+ Ke7 22. Bg5+ 1-0

[Event "Montreal Interscholastic"]
[Site "Montreal CAN"]
[Date "1967.03.29"]
[Round "4"]
[White "Williams, Leo"]
[Black "Brodie, Hugh"]
[Result "0-1"]
[WhiteElo "1870"]
[BlackElo "1700"]
[PlyCount "52"]
[EventDate "1967.03.28"]
[EventType "swiss"]
[EventRounds "6"]
[EventCountry "CAN"]

1. e4 e6 2. d4 d5 3. Nc3 Bb4 4. e5 c5 5. a3 Bxc3+ 6. bxc3 c4 7. Qg4 g6 8. Nf3
Ne7 9. h4 Qa5 10. Bd2 Nbc6 11. h5 Bd7 12. hxg6 fxg6 13. Ng5 h5 14. Qf3 Rf8 15.
Qh3 Nf5 16. g4 hxg4 17. Qxg4 O-O-O 18. Nh7 Rg8 19. Nf6 Rg7 20. Bh3 Nce7 21.
Nxd7 Kxd7 22. Kf1 Rf7 23. Kg1 Rdf8 24. Bg5 Qxc3 25. Rd1 Qxc2 26. Bxe7 Kxe7 0-1

[Event "Montreal Interscholastic"]
[Site "Montreal CAN"]
[Date "1967.03.30"]
[Round "5"]
[White "Agnew, Gerald"]
[Black "Brodie, Hugh"]
[Result "0-1"]
[WhiteElo "1680"]
[BlackElo "1700"]
[PlyCount "119"]
[EventDate "1967.03.28"]
[EventType "swiss"]
[EventRounds "6"]
[EventCountry "CAN"]

1. d4 d5 2. c4 Bf5 3. Nf3 e6 4. Nc3 Nf6 5. e3 Nc6 6. Be2 dxc4 7. Bxc4 Bd6 8.
O-O O-O 9. Re1 Ne4 10. Nxe4 Bxe4 11. Bd3 Bxd3 12. Qxd3 Qf6 13. e4 Qg6 14. b3
Rfd8 15. Bb2 Bc5 16. Red1 Bb6 17. e5 Qxd3 18. Rxd3 Rd5 19. a3 Rad8 20. Rad1 Ne7
21. Ne1 Ng6 22. g3 h5 23. b4 a5 24. f4 h4 25. Nf3 hxg3 26. hxg3 axb4 27. axb4
Ra8 28. Bc3 Ra3 29. Kg2 Ra2+ 30. R1d2 Ra4 31. Kh3 Ba7 32. Kg4 Ne7 33. Rd1 b6
34. Ra1 Rxa1 35. Bxa1 c5 36. Ra3 Rd7 37. dxc5 bxc5 38. bxc5 Bxc5 39. Rb3 Nf5
40. Ng5 g6 41. Kh3 Rd1 42. Bb2 Rb1 43. Rc3 Rxb2 44. Rxc5 Rb3 45. Ne4 Re3 46.
Nf6+ Kg7 47. Rc8 Rxg3+ 48. Kh2 g5 49. Nh5+ Kg6 50. Nxg3 gxf4 51. Nxf5 Kxf5 52.
Rf8 Kxe5 53. Rxf7 Ke4 54. Kg2 e5 55. Kf2 Kd4 56. Kf3 Kd5 57. Rf8 Ke6 58. Ke4
Kd6 59. Rh8 Ke6 60. Rh6+ 0-1

[Event "Montreal-Tch"]
[Site "Montreal CAN"]
[Date "1967.01.15"]
[Round "1"]
[White "Spurrell, Don"]
[Black "Brodie, Hugh"]
[Result "1/2-1/2"]
[WhiteElo "1500"]
[BlackElo "1700"]
[PlyCount "113"]
[EventDate "1967.01.15"]
[EventType "team"]
[EventRounds "5"]
[EventCountry "CAN"]

1. c4 e6 2. Nf3 Nf6 3. g3 d5 4. cxd5 Nxd5 5. Bg2 b6 6. d3 Bb7 7. O-O Nc6 8. e4
Nf6 9. Nc3 Qd7 10. Bf4 O-O-O 11. Nb5 Ne8 12. Qb3 Qxd3 13. Qxd3 Rxd3 14. Ng5 Rd7
15. Rfd1 Re7 16. e5 h6 17. Bxc6 Bxc6 18. Nxa7+ Kb7 19. Nxc6 Kxc6 20. Rac1+ Kb7
21. Ne4 g5 22. Be3 Bg7 23. f4 gxf4 24. Bxf4 f5 25. Nc3 h5 26. Rd8 Bh6 27. Ne2
Bxf4 28. Nxf4 h4 29. Ng6 Rh6 30. Nxe7 Ng7 31. Rc4 hxg3 32. hxg3 Nh5 33. Rc8 c5
34. Rh4 Rh7 35. Re8 Kc7 36. Ng6 Rg7 37. Rxh5 Rxg6 38. Rh7+ Kc6 39. Kg2 Kd5 40.
Rb8 Kxe5 41. Rxb6 Rg5 42. Rh4 Kd5 43. Kf3 e5 44. a4 f4 45. Kf2 c4 46. Rf6 Kc5
47. gxf4 exf4 48. Rhxf4 Kb4 49. R6f5 Rxf5 50. Rxf5 Kxa4 51. Rf3 Kb4 52. Ke2 Kc5
53. Kd2 Kb4 54. Kc2 Kc5 55. Kc3 Kb5 56. Rf5+ Ka4 57. Kxc4 1/2-1/2